5HLuxD.jpg

KING HENRY VIII SENIOR AND PRIMARY SCHOOL LIBRARY OPAC

Toys from the past / (Record no. 1397)

000 -LEADER
fixed length control field 00794cam a2200253 a 4500
001 - CONTROL NUMBER
control field 16826958
003 - CONTROL NUMBER IDENTIFIER
control field OSt
005 - DATE AND TIME OF LATEST TRANSACTION
control field 20221229103248.0
008 - FIXED-LENGTH DATA ELEMENTS--GENERAL INFORMATION
fixed length control field 110614s2012 mnua j 000 0 eng
010 ## - LIBRARY OF CONGRESS CONTROL NUMBER
LC control number 2011023937
020 ## - INTERNATIONAL STANDARD BOOK NUMBER
International Standard Book Number 9781429678506 (pbk.)
040 ## - CATALOGING SOURCE
Original cataloging agency DLC
Transcribing agency DLC
Modifying agency DLC
-- KH8
042 ## - AUTHENTICATION CODE
Authentication code pcc
082 00 - DEWEY DECIMAL CLASSIFICATION NUMBER
Classification number 688.72 MOO
Edition number 23
100 1# - MAIN ENTRY--PERSONAL NAME
Personal name Moore, Elizabeth.
Relator term author
245 10 - TITLE STATEMENT
Title Toys from the past /
Statement of responsibility, etc. by Elizabeth Moore.
260 ## - PUBLICATION, DISTRIBUTION, ETC.
Place of publication, distribution, etc. Mankato, Minn. :
Name of publisher, distributor, etc. Capstone Press,
Date of publication, distribution, etc. c2012.
300 ## - PHYSICAL DESCRIPTION
Extent 8 p. :
Other physical details col. ill. ;
Dimensions 18 cm.
490 0# - SERIES STATEMENT
Series statement Wonder readers
650 #0 - SUBJECT ADDED ENTRY--TOPICAL TERM
Topical term or geographic name entry element Toys
General subdivision History
Form subdivision Juvenile literature.
906 ## - LOCAL DATA ELEMENT F, LDF (RLIN)
a 7
b cbc
c orignew
d 1
e ecip
f 20
g y-gencatlg
942 ## - ADDED ENTRY ELEMENTS (KOHA)
Source of classification or shelving scheme
Koha item type Books - Non Ficton
Holdings
Withdrawn status Lost status Source of classification or shelving scheme Damaged status Not for loan Collection code Permanent Location Current Location Shelving location Date acquired Total Checkouts Full call number Barcode Date last seen Date last checked out Price effective from Koha item type
          Non-Fiction KH8 Primary School Library KH8 Primary School Library Non Fiction 2022-12-29 6 688.72 MOO KHPL000003174 2025-12-05 2024-11-15 2022-12-29 Books - Non Ficton

Powered By KH8 IT Dept